01078nam a2200229 a 450000100100000000500170001000800410002704000260006810000290009424501280012326000720025130000210032349000910034449000250043550400730046050400320053350000740056570000410063971000540068083000890073483000250082300004326720250909091242.0140303s2010 sp 000 0 spa d aDO-SdBNPbspiacBNPHU1 aLizcano Pellón, Manuel10aManuel Lizcano Pellón /cManuel Lizcano Pellón ; edición, elección e introducción Emmánuel Lizcano Fernández. aMadrid :bAgencia Española de Cooperación Internacional,c2010. a261 p. ;c24 cm.1 aAntología del pensamiento político, social y económico de América latina ;v141 aCiencias y humanismo aIncluye referencias bibliográficas y notas al pie de las páginas aBibliografía : p.253 -261 aIncluye datos biográficos de los editor en al solapa de la cubierta1 aLizcano Fernández, Emmánueleed.2 aAgencia Española de Cooperación Internacional 0aAntología del pensamiento político, social y económico de América Latinav14 0aCiencias y humanismo